000 00517nam a2200157Ia 4500
008 240729s9999 xx 000 0 und d
022 _a2477-4731
245 0 _aAl-Ulum
260 _aIndonesia
260 _bUPT Publikasi dan Pengelolaan Jurnal Universitas Islam Kalimantan Muhammad Arsyad Al Banjari
650 _a Electrical engineering. Electronics. Nuclear engineering
650 _aScience | Technology
856 _uhttps://doaj.org/toc/50566511fb2d442c88dfa4886873bcc2
942 _2ddc
942 _cDOAJEJ
999 _c66973
_d66973
945 _a1
_bMadushi Gamage
_c1
_dMadushi Gamage